Statistiques concernant La seconde ville la plus peuplée par pays du monde

Cliquez ici pour prendre le quiz!

Statistiques générales

  • Ce quiz a été pris 39 fois
  • Le résultat moyen est 26 sur 186

Statistiques - réponses

PaysVilles% Correct
FranceMarseille
97%
PortugalPorto
86%
États-UnisLos Angeles
81%
ItalieMilan
75%
RussieSaint-Pétersbourg
75%
Royaume-UniBirmingham
69%
BelgiqueAnvers
67%
SuisseGenève
61%
AustralieMelbourne
61%
Pays-BasRotterdam
61%
EspagneBarcelone
58%
AllemagneHambourg
58%
CanadaMontréal
58%
BrésilRio de Janeiro
58%
PologneCracovie
56%
IrlandeCork
50%
ChineShanghai
50%
MarocTanger
50%
ÉgypteAlexandrie
47%
IsraëlTel Aviv
47%
IndeDelhi
44%
SuèdeGöteborg
44%
CroatieSplit
39%
NorvègeBergen
36%
Corée du SudBusan / Pusan
36%
ColombieMedellin
36%
CamerounYaoundé
36%
AlgérieAlger
33%
AutricheGraz
33%
République TchèqueBrno
31%
UkraineKharkiv
31%
ÉquateurQuito
31%
GrèceThessalonique
31%
DanemarkAarhus
28%
Sierra LeoneBo
28%
NigeriaKano
28%
Émirats arabes unisAbou Dhabi
25%
SyrieAlep
25%
Nouvelle-ZélandeChristchurch
25%
LuxembourgEsch-sur-Alzette
25%
Viêt NamHanoi
25%
PakistanLahore
22%
LibanTripoli
22%
BangladeshChittagong
19%
Bosnie-HerzégovineMostar
19%
FinlandeTampere
19%
JaponYokohama
19%
KazakhstanAstana / Noursoultan
17%
LituanieKaunas
17%
SerbieNovi Sad
17%
Saint-MarinSaint-Marin
17%
IndonésieSurabaya
17%
PérouArequipa
14%
ArgentineCórdoba
14%
PhilippinesManille
14%
SlovénieMaribor
14%
TunisieSfax
14%
EstonieTartu
14%
MoldavieTiraspol
14%
LiechtensteinVaduz
14%
IrakBassorah
11%
HongrieDebrecen
11%
ChypreLimassol
11%
LibyeBenghazi
8%
RoumanieCluj-Napoca
8%
SénégalDakar
8%
MalteIl-Mosta
8%
TaïwanKaohsiung
8%
SoudanKhartoum
8%
IslandeKópavogur
8%
SlovaquieKošice
8%
Papouasie-Nouvelle-GuinéeLae
8%
République Démocratique du CongoLubumbashi
8%
Guinée-ÉquatorialeMalabo
8%
IranMeched / Machhad
8%
KenyaMombasa
8%
BulgariePlovdiv
8%
CongoPointe-Noire
8%
GabonPort-Gentil
8%
ParaguayCiudad del Este
6%
AlbanieDurrës
6%
BurundiGitega
6%
ArménieGyumri
6%
BielorussieHomiel / Gomel
6%
BirmanieMandalay
6%
VenezuelaMaracaibo
6%
UruguaySalto
6%
PanamaSan Miguelito
6%
CubaSantiago de Cuba
6%
MalaisieSubang Jaya
6%
Guinée-BissauBafatá
3%
GéorgieBatoumi
3%
MauriceBeau-Bassin Rose-Hill
3%
République CentrafricaineBimbo
3%
MalawiBlantyre
3%
ZimbabweBulawayo
3%
HaïtiCap-Haïtien
3%
ThaïlandeChiang Mai
3%
MexiqueEcatepec
3%
BahamasFreeport
3%
Saint-Vincent-et-les-GrenadinesGeorgetown
3%
OugandaGulu
3%
AfghanistanHérat
3%
JordanieIrbid
3%
GuinéeKankan Centre
3%
Macédoine du NordKumanovo
3%
GhanaKumasi
3%
NicaraguaLeón
3%
EswatiniMbabane
3%
MauritanieNouâdhibou
3%
KirghizistanOch
3%
DominiquePortsmouth
3%
MaliSikasso
3%
JamaïqueSpanish Town
3%
FidjiSuva
3%
MadagascarTamatave
3%
TurkménistanTurkmenabat
3%
Soudan du SudWau
3%
NigerZinder
3%
Bénin | Trinité-et-TobagoAbomey-Calavi
0%
MaldivesAddu City
0%
DjiboutiAli Sabieh
0%
Antigua-et-BarbudaAll Saints
0%
BahreïnAl-Muharraq
0%
QatarAl Rayyan
0%
PalaosAngaur
0%
ÉrythréeAssab
0%
Îles SalomonAuki
0%
CambodgeBattambang
0%
Timor-OrientaleBaucau
0%
KiribatiBetio
0%
Burkina FasoBobo-Dioulasso
0%
Côte d'IvoireBouaké
0%
GambieBrikama
0%
RwandaButare
0%
Saint-Kitts-et-NevisCayon
0%
États fédérés de MicronésieColonia
0%
MongolieDarkhan
0%
LettonieDaugavpils
0%
SeychellesDe Quincey
0%
Îles MarshallEbeye
0%
BolivieEl Alto
0%
AndorreEscaldes-Engordany
0%
BotswanaFrancistown
0%
AzerbaïdjanGandja
0%
LibériaGanta
0%
ÉthiopieGondar
0%
GrenadeGouyave
0%
Sainte-LucieGros Islet
0%
Corée du NordHamheung
0%
KoweïtHawalli
0%
AngolaHuambo
0%
TadjikistanKhodjent
0%
SurinameLelydorp
0%
GuyanaLinden
0%
VanuatuLuganville
0%
Cap-VertMindelo
0%
GuatemalaMixco
0%
TchadMoundou
0%
ComoresMutsamudu
0%
TanzanieMwanza
0%
ZambieNdola
0%
Sri LankaNegombo
0%
TongaNeiafu
0%
MonténégroNikšić
0%
bruneiPekan Tutong
0%
BouthanPhuentsholing
0%
NépalPokhara
0%
KosovoPrizren
0%
ChiliPuento Alto
0%
Costa RicaPuerto Limón
0%
NamibieRundu
0%
OmanSalalah
0%
OuzbékistanSamarkand
0%
BelizeSan Ignacio
0%
République DominicaineSantiago de los Caballeros
0%
Sao Tomé-et-PrincipeSanto Amaro
0%
LaosSavannakhet
0%
TogoSokodé
0%
SalvadorSoyapango
0%
BarbadeSpeightstown
0%
YémenTa'izz
0%
lesothoTeyateyaneng
0%
SamoaVaitele
0%
TuvaluVaitupu (Ile)
0%

Distribution des résultats

Percentile par nombre de réponses

% des personnes avec chaque résultat

Votre développement - résultats

Vous n’avez pas pris ce quiz